Guess the 1960s song lyrics #39 - Statistics

General Stats
  • This quiz has been taken 35 times
  • The average score is 81 of 150
Answer Stats
Answer % Correct
I
100%
you
97%
love
94%
is
90%
in
84%
it
84%
me
84%
your
84%
Your
84%
My
81%
my
81%
no
81%
And
74%
Then
74%
to
74%
where
74%
If
71%
what
71%
had
68%
have
65%
heart
65%
would
65%
every
61%
Every
61%
for
61%
For
61%
like
58%
now
58%
girl
52%
was
52%
well
52%
I'd
48%
just
48%
loves
45%
arms
42%
kiss
42%
someone
42%
here
39%
boy
35%
made
35%
dream
32%
Everybody
32%
falls
32%
somebody
32%
sometime
32%
There's
32%
find
29%
found
29%
hour
29%
minute
29%
power
29%
somehow
29%
keeps
26%
Something
26%
sometimes
26%
saying
23%
told
23%
waiting
23%
worth
23%
although
19%
arrange
19%
charms
19%
may
19%
telling
19%
Everybody
16%
finds
16%
someplace
13%
appear
10%
overdue
10%
No matching quizzes found
Score Distribution
Percent of People with Each Score
Percentile by Number Answered
Your Score History
You have not taken this quiz